[Geometry Dash] Every FunnyGame Level - Statistics

General Stats
  • This quiz has been taken 8 times
  • The average score is 10 of 59
Answer Stats
Rating Difficulty Level % Correct
Featured Easy Demon Crazy Bolt
83%
Star Rate Medium Demon Mountain King
83%
Featured Medium Demon -sirius-
83%
Featured Easy Demon Death Moon
67%
Featured Insane La Campanella
67%
Featured Medium Demon Lonely travel
67%
Featured Extreme Demon Tron
67%
Featured Auto auto back on track
33%
Star Rate Auto auto base after base
33%
Featured Auto Auto Clubstep
33%
Featured Auto auto cycles
33%
Featured Auto Auto ToE
33%
Featured Hard Demon Death Step
33%
Featured Easy Demon Genesis
33%
Featured Easy Demon Requiem
33%
Featured Harder Revolution
33%
Featured Easy Demon Atlas
17%
Featured Auto Auto Electrodynamix
17%
Featured Auto auto jumper
17%
Featured Hard Dont Cry
17%
Featured Easy Demon Maximum Risk
17%
Featured Insane Demon Puzzle trials
17%
Epic Insane Demon Two faced agony
17%
Featured Insane Very hard CLG
17%
Featured Harder Abyss
0%
Featured Insane Alphabet M
0%
Featured Harder Another World
0%
Featured Insane Checkmate
0%
Featured Insane Cronos Fantasy
0%
Featured Medium Demon Cutter knife
0%
Featured Harder Deadly Storm
0%
Featured Hard Dreamer
0%
Epic Insane fp
0%
Featured Harder FunnyGame Holiday
0%
Featured Hard GaMoRa
0%
Featured Insane Hologram
0%
Featured Insane Demon hypocrisy
0%
Featured Harder Knock M
0%
Star Rate Normal Level 0
0%
Featured Insane Lonesome
0%
Star Rate Hard Demon Majesty
0%
Featured Insane Misterio
0%
Featured Insane Mystical
0%
Featured Insane N0v4
0%
Featured Harder Persona
0%
Featured Insane Demon Proxima
0%
Featured Harder Rainbow Dust
0%
Featured Harder Reincarnation
0%
Featured Insane Royal Sky
0%
Featured Harder Shattered space
0%
Featured Harder Simplism
0%
Featured Medium Demon spyware
0%
Featured Medium Demon Thanatos
0%
Featured Normal the void
0%
Featured Medium Demon Titanium buster
0%
Epic Insane torn dimension
0%
Featured Hard Untitle
0%
Featured Insane Vector
0%
Featured Insane xStep v2 rebirth
0%
No matching quizzes found
Score Distribution
Percent of People with Each Score
Percentile by Number Answered
Your Score History
You have not taken this quiz